000 00380ntaaa2200157 4500
003 01
005 20251027202721.0
008 0714s1973 ag 01
040 _aAR-BaBN
_bspa
_cAR-BaBN
_eaacr
_dRIC
082 _a613.0000 M36
245 _aSalud y progreso humano
250 _a1 ed.
260 _aMéxico :
_bEditorial Pax-México,
_c1963,1968
300 _axv, 281 p
942 _cBK
999 _c22375
_d22375